000 00719nam a2200241 4500
003 OSt
005 20240701081629.0
006 a
008 240701b |||||||| |||| 00| 0 eng d
020 _a9789812728562
040 _aDWCL-Main lib.
_cOC
082 _2Seventh edition
_aCirc. 610.73 A436n 2010
100 _aAlligood, Martha Raile
245 _aNursing theory /
250 _aSeventh edition
260 _aSingapore :
_bElsevier ( Singapore) Pte. Ltd. ,
_cc2010.
300 _axviii,
_b797 p. : ill. ;
_c22 cm.
504 _aIncludes index.
650 _a1. Nursing models.
650 _a2. Nursing-philosophy.
650 _a3. Nursing-Philosophy.
942 _2ddc
_n0
_cBK-CIRC
_eSeventh edition
_kCirc.
999 _c1734
_d1734